P. J. MEHTA`S EMERGENCIES IN MEDICAL PRACTICE / (Record no. 798299)

MARC details
000 -LEADER
fixed length control field 00513pam a2200193 a 4500
020 ## - INTERNATIONAL STANDARD BOOK NUMBER
International Standard Book Number 9789380206028
Terms of availability 250.00
041 ## - LANGUAGE CODE
Language code of text/sound track or separate title eng
Language code of original NULL
082 ## - DEWEY DECIMAL CLASSIFICATION NUMBER
Classification number 616.025
Item number KAN
100 ## - MAIN ENTRY--PERSONAL NAME
Personal name KANTHARIA, A .
245 ## - TITLE STATEMENT
Title P. J. MEHTA`S EMERGENCIES IN MEDICAL PRACTICE /
Statement of responsibility, etc. NULL.
Medium Textual Documents
250 ## - EDITION STATEMENT
Edition statement 5 /
Remainder of edition statement .
260 ## - PUBLICATION, DISTRIBUTION, ETC.
Place of publication, distribution, etc. NULL :
Name of publisher, distributor, etc. THE NATIONAL BOOK ,
Date of publication, distribution, etc. 2009.
300 ## - PHYSICAL DESCRIPTION
Extent 247 :
Other physical details XIV ;
Dimensions A4 .
365 ## - TRADE PRICE
Price type code 250.00
Price note 1
650 ## - SUBJECT ADDED ENTRY--TOPICAL TERM
Topical term or geographic name entry element GEN.MEDICINE
907 ## - LOCAL DATA ELEMENT G, LDG (RLIN)
a 8266
930 ## - EQUIVALENCE OR CROSS-REFERENCE-UNIFORM TITLE HEADING [LOCAL, CANADA]
Uniform title 3765
Holdings
Withdrawn status Lost status Damaged status Not for loan Home library Current library Date acquired Source of acquisition Cost, normal purchase price Total Checkouts Full call number Barcode Date last seen Copy number Price effective from Koha item type
        Medical College & Hospital, Sangli Medical College & Hospital, Sangli 28/11/2011 250.00   616.025 KAN MCS-8266 26/07/2023 2 26/07/2023 Book
        Medical College & Hospital, Sangli Medical College & Hospital, Sangli 28/11/2011 250.00   616.025 KAN MCS-8265 26/07/2023 1 26/07/2023 Book